J.C. Leyendecker, American imagist /

Guardat en:
Dades bibliogràfiques
Autor corporatiu: <<The >>National museum of American illustration
Altres autors: Cutler, Laurence S., Goffman Cutler, Judy
Format: Llibre
Idioma:anglès
Publicat: New York : Abrams, 2008
Matèries:
Etiquetes: Afegir etiqueta
Sense etiquetes, Sigues el primer a etiquetar aquest registre!

MARC

LEADER 00000nam a22000007i 4500
001 IT\ICCU\PAR\1118821
003 ItRI
005 20260115232006.0
008 090127s2008 xxu|||||| ||||| |||||c
020 |a 9780810995215 
040 |b ita  |c importazione bologna sebina 
041 7 |a eng  |2 ISO-639-2 
130 0 |a J.C. Leyendecker, American imagist  |3 IT\ICCU\UBO\4864371 
245 0 0 |a J.C. Leyendecker, American imagist /  |c Laurence S. Cutler, Judy Goffman Cutler and the National museum of American illustration. 
260 |a New York :  |b Abrams,  |c 2008 
300 |a 256 p. :  |b in gran parte ill. ;  |c 29 cm. 
650 7 |a Leyendecker, Joseph Christian  |2 scbi 
700 1 |a Cutler, Laurence S.  |0 IT\ICCU\AQ1V\009578 
700 1 |a Goffman Cutler, Judy  |0 IT\ICCU\PARV\532190 
710 2 |a <<The >>National museum of American illustration  |0 IT\ICCU\PARV\532191 
942 |2 ddc  |c BK  |n 0 
952 |0 0  |1 0  |4 0  |6 DOC_741_652000000000000_CUT  |7 0  |9 18574  |a BO  |b BO  |d 2026-01-15  |i 19901  |l 0  |o DOC 741.652 CUT  |p BO19901  |r 2026-01-15 23:20:06  |w 2026-01-15  |x [Sebina 5] [1 v.]  |y BK  |z 1 v. 
999 |c 15738  |d 15738